Microbiology : An introduction

Gorde:
Xehetasun bibliografikoak
Egile nagusia: Tortora, Gerard J.
Formatua: Liburua
Hizkuntza:Undetermined
Argitaratua: San Francisco Benjamin Cummings 2004
Gaiak:
Etiketak: Etiketa erantsi
Etiketarik gabe, Izan zaitez lehena erregistro honi etiketa jartzen!
Thư viện lưu trữ: Trung tâm Học liệu Trường Đại học Cần Thơ
LEADER 00536nam a2200193Ia 4500
001 CTU_219594
008 210402s9999 xx 000 0 und d
082 |a 579 
082 |b T712 
100 |a Tortora, Gerard J. 
245 0 |a Microbiology : 
245 3 |b An introduction 
245 0 |c Tortora, Gerard J., Berdell R. Funke, Christine L. Case 
260 |a San Francisco 
260 |b Benjamin Cummings 
260 |c 2004 
650 |a Microbiology 
904 |i Tuyến 
980 |a Trung tâm Học liệu Trường Đại học Cần Thơ